Moravec, F.: Trichinelloid nematodes parasitic in cold-blooded vertebrates

Bibliographic Details
Main Author: Hanzelová, Vladimíra, 1951- (Author)
Format: Article
Language:Slovak
English
ISSN:0440-6605
Subjects:

MARC

LEADER 00000nab a2200000 a 4500
001 vtls000773623
003 SK-MaSNL
005 20260304143258.0
008 250505c2001 xo 0 slo
015 |a SNBRB2001/12-35783 
035 |a CLN000125410 
035 |a urn:nbn:sk:snk-ab33yq 
035 |a (urnnbn)urn:nbn:sk:snk:ar-a05tek 
035 |a (uuid)2c50ae90-769b-422d-8e94-abd7d6f3ffdc 
040 |a SNKBUCL  |b slo  |c SNKBUCL  |e AACR2 
041 0 |a eng 
044 |a xo  |c SK 
080 |a 595.132(048):596:591.15  |2 1997 
080 |a 576.895.132(048)  |2 1997 
100 1 |a Hanzelová, Vladimíra,  |d 1951-  |4 aut  |9 132285 
245 1 0 |a Moravec, F.: Trichinelloid nematodes parasitic in cold-blooded vertebrates  |c V. Hanzelová 
650 0 7 |a hlístice  |2 SNKPH  |9 19982 
650 0 7 |a knižné prehľady  |2 SNK  |9 843340 
650 0 7 |a mikroskopia  |2 SNKPH  |9 21797 
650 0 7 |a stavovce  |2 SNKPH  |9 1287 
650 0 7 |a porovnávacia anatómia  |2 SNKPH  |9 2597 
650 0 7 |a klasifikácia  |2 SNKPH  |9 3849 
650 0 7 |a metódy  |2 SNKPH  |9 3855 
650 0 7 |a trendy  |2 SNK  |9 367024 
650 0 7 |a anatómia živočíchov  |2 SNKPH  |9 1661 
650 0 7 |a histológia  |2 SNKPH  |9 2480 
650 0 7 |a izolácia a purifikácia  |2 SNK  |9 1438644 
650 0 7 |a patogenita  |2 SNK  |9 1136978 
650 0 7 |a parazit a hostiteľ  |2 SNKPH  |9 89538 
650 0 7 |a parazitológia  |2 SNKPH  |9 19985 
655 7 |a články z novín a časopisov  |2 SNK  |9 267496 
655 7 |a recenzie  |2 SNKPH  |9 21907 
773 0 |t Helminthologia  |g Roč. 38, č. 2 (2001), s. 62  |x 0440-6605 
787 0 8 |i Rec.:  |a Moravec, F.  |t Trichinelloid nematodes parasitic in cold-blooded vertebrates  |d Prague : Academia, 2001 
850 |a Slovenská národná knižnica 
852 |a Slovenská národná knižnica 
958 |a article27 
958 |a MI 
958 |a RC 
958 |a OND 
958 |a EUIPO 
992 |a RBX 
999 |c 2924731  |d 2926661